Justicia y monarquía: puntos de vista sobre su evolución en el reinado de los Reyes Católicos
Saved in:
| 主要作者: | |
|---|---|
| 格式: | 圖書 |
| 語言: | 西班牙语 |
| 出版: |
Madrid
Real Academia de Jurisprudencia y Legisalción
1997
|
| 主題: | |
| 標簽: |
添加標簽
沒有標簽, 成為第一個標記此記錄!
|
MARC
| LEADER | 00000nam a2200000 a 4500 | ||
|---|---|---|---|
| 001 | UCQ7727 | ||
| 003 | CL-VaPUC | ||
| 008 | 981113e19970000SP |||||||||||||||||spa|d | ||
| 082 | 0 | 4 | |a 349.46 |b VIL |2 21 |
| 100 | 0 | |a Villapalos Salas, Gustavo |e author |9 421511 | |
| 245 | 1 | 0 | |a Justicia y monarquía: puntos de vista sobre su evolución en el reinado de los Reyes Católicos |
| 300 | |a 326 p | ||
| 942 | |c BK | ||
| 945 | |d 19981113 00:00:00 |a aarredon | ||
| 260 | |a Madrid |b Real Academia de Jurisprudencia y Legisalción |c 1997 | ||
| 650 | 0 | |a Historia del derecho |9 255109 | |
| 650 | 0 | |a Derecho español |9 255291 | |
| 650 | 7 | |a FUEROS |2 CL-VaPUC |9 255290 | |
| 650 | 0 | |a Jurisprudencia |9 255952 | |
| 650 | 0 | |a Justicia |9 255408 | |
| 650 | 0 | |a Obligaciones |9 255578 | |
| 650 | 0 | |a Monarquía |9 255259 | |
| 650 | 7 | |a LEGISLACION |2 CL-VaPUC |9 421512 | |
| 650 | 0 | |a Estado y derecho |9 255403 | |
| 650 | 7 | |a REYES CATOLICOS |2 CL-VaPUC |9 420971 | |
| 651 | 0 | |a España |9 254926 | |
| 583 | |a last modification |c 19981113 00:00:00 |k Rodrigo Vera | ||
| 999 | |c 277182 |d 277180 | ||
| 952 | |0 0 |1 0 |4 0 |6 349_460000000000000_VIL_1997 |7 0 |8 DER_HIS |9 315002 |a BIBDER |b BIBDER |d 2019-11-20 |i 3481085 |o 349.46 VIL 1997 |p 3481085 |r 2023-01-25 |w 2019-11-20 |x Ubicación 4to Piso |y BK |z Estos recursos deben solicitarse con anticipación |k DER | ||